Pozitívny prístup a skúsenosti sú našou najdôležitejšou devízou

Rozhovor s predsedom predstavenstva a generálnym riaditeľom Union zdravotnej poisťovne, a.s., a Union poisťovne, a.s., Ing. Romanom Podolákom. Medzinárodná poisťovacia skupina Eureko. Slovenský trh zdravotného poistenia.

Salvato in:
Dettagli Bibliografici
Autore principale: Hrvolová, Barbora
Natura: Capitolo di libro
Lingua:slovacco
Soggetti:
Tags: Aggiungi Tag
Nessun Tag, puoi essere il primo ad aggiungerne!!

MARC

LEADER 00000naa a2200000 4500
001 0129021
005 20231006124324.3
041 0 |a slo 
044 |a SK 
245 1 0 |a Pozitívny prístup a skúsenosti sú našou najdôležitejšou devízou  |c Barbora Hrvolová 
520 |a Rozhovor s predsedom predstavenstva a generálnym riaditeľom Union zdravotnej poisťovne, a.s., a Union poisťovne, a.s., Ing. Romanom Podolákom. Medzinárodná poisťovacia skupina Eureko. Slovenský trh zdravotného poistenia. 
610 2 0 |a manažéri 
610 2 0 |a riadenie vrcholové 
610 2 0 |a rozhodovanie manažérske 
610 2 0 |a organizácia riadenia 
610 2 0 |a poisťovne zdravotné 
610 2 0 |a poisťovne komerčné 
610 2 0 |a trh poistný 
100 1 |a Hrvolová, Barbora